| 000 | 00629cam8a220021700 4500 | ||
|---|---|---|---|
| 001 | zam00003483 | ||
| 008 | 951128s1980 xx eng u | ||
| 035 | _a(Sirsi) r20810 | ||
| 035 | _a(MACHINE)SLC. | ||
| 100 |
_aCody, J. _6A82296.1 |
||
| 245 | 1 | 0 | _aPolices for industrial progress in developing countries. |
| 260 | _c1980. | ||
| 949 |
_aHC59.7 _wlcc _mMAIN _p2500 _tSHORTLOAN _lSHORTLOAN |
||
| 004 | 20810 | ||
| 591 | _aClass code: DS 950. | ||
| 591 | _aCourse: Industralisation and development. | ||
| 591 | _aSchool: S05. | ||
| 591 | _aLecturer: Mr. IMBOELA, L.B. | ||
| 591 | _aNumber of Students: 50. | ||
| 909 | _aBook | ||
| 999 |
_c8515 _d8515 |
||